[Event "IECG OP.2006.0.00103"]
[Site "IECG email"]
[Date "2006.07.27"]
[Round "?"]
[White "Meyer, Edwin"]
[Black "Abaskharoun, Mena"]
[Result "1-0"]
[WhiteElo "1700"]
[BlackElo "1200"]
[PlyCount "39"]
[EventDate "2006.07.27"]
[EventType "tourn (corr)"]
[EventRounds "6"]
[SourceTitle "Corr 2008"]
[Source "ChessBase"]
[SourceDate "2008.06.24"]
[SourceVersion "1"]
[SourceVersionDate "2008.06.24"]
[SourceQuality "1"]

1. b3 d5 2. e3 Nc6 3. Bb2 f6 4. d4 Nh6 5. Bb5 Nf7 6. Nf3 Bg4 7. Nbd2 Qd7 8. h3 Bh5 9. g4 Bg6 10. Nh4 Nd6 11. Nxg6 hxg6 12. Qe2 0-0-0 13. 0-0-0 Nxb5 14. Qxb5 f5 15. f3 a6 16. Qe2 g5 17. gxf5 Qxf5 18. e4 dxe4 19. Qxe4 Qd7 20. Qg4 1-0

[Event "FICGS class E 000009 email"]
[Site "FICGS email"]
[Date "2006.07.26"]
[Round "1"]
[White "Cameron, Gerald"]
[Black "Abaskharoun, Mena"]
[Result "0-1"]
[WhiteElo "1500"]
[BlackElo "1400"]
[PlyCount "40"]
[EventDate "2006.??.??"]
[EventType "tourn (corr)"]
[EventRounds "5"]
[SourceTitle "Corr 2022"]
[Source "ChessBase"]
[SourceDate "2021.10.24"]
[SourceVersion "1"]
[SourceVersionDate "2021.10.24"]
[SourceQuality "1"]

1. e4 d6 2. d4 Nf6 3. Nc3 g6 4. Be3 Bg7 5. f3 c6 6. Qd2 Qc7 7. 0-0-0 e5 8. dxe5 dxe5 9. Bc5 Nbd7 10. Ba3 Nb6 11. Kb1 Be6 12. Nge2 Nc4 13. Qd3 Nxa3+ 14. bxa3 0-0 15. Qe3 Rfd8 16. Rc1 Qa5 17. Ng3 Qxa3 18. Re1 Rd4 19. f4 Rb4+ 20. Ka1 Qb2# 0-1